| 000 | 00000nam##2200000za#4500 |
| 001 | 9.614455 |
| 003 | CaOODSP |
| 005 | 20200401021042 |
| 007 | ta |
| 008 | 150406|1997||||xxc||||| f|0| 0 eng|d |
| 022 | |a0706-6457 |
| 040 | |aCaOODSP|beng |
| 043 | |an-cn--- |
| 086 | 1 |aFs97-6/2196E |
| 110 | 1 |aCanada. |bDepartment of Fisheries and Oceans. |
| 245 | 14|aThe American eel in Eastern Canada: stock status and management strategies : |bproceedings of Eel Management Workshop, January 13-14, 1997, Québec City, QC / |cEdited by R. H. Peterson. |
| 260 | |aOttawa - Ontario : |bFisheries and Oceans Canada |c1997. |
| 300 | |av, 174p. : |bfigs., graphs, references, tables ; |c28 cm. |
| 490 | 1 |aCanadian technical report of fisheries and aquatic sciences|x0706-6457|v2196 |
| 500 | |a"This report contains the papers presented to a meeting held in January 1997 to review stock status and the different management regimes for the American eel ((Anguilla rostrata) stocks inhabiting Canadian rivers, and to seek consensus on a common approach to managing this resource."--Abstract. Prepared by the Biological Station, St. Andrews, New Brunswick, E0G 2X0. |
| 520 | 3 |aThis report contains the papers presented to a meeting held in January 1997 to review stock status and the different management regimes for the American eel ((Anguilla rostrata) stocks inhabiting Canadian rivers, and to seek consensus on a common approach to managing this resource.--Abstract |
| 546 | |aRésumé en français |
| 563 | |aSoftcover |
| 590 | |a98-27|b1998-07-03 |
| 720 | 1 |aPeterson, R. H. |
| 776 | 0#|tThe American eel in Eastern Canada : |w(CaOODSP)9.573990 |
| 830 | #0|aCanadian technical report of fisheries and aquatic sciences,|x0706-6457|v2196|w(CaOODSP)9.514691 |